| LEADER 01174nam 2200277 a 4500 |
| 001 209873 |
| 003 ULIBM |
| 008 030417s2014 caua sb 001 0 eng |
| 020 ^a9781451187465
|
| 060 ^aWY 49 R163s 2014
|
| 100 ^aRalph,Sheila Sparks
|
| 110 ^aI.Taylor,Cynthia M.
|
| 245 ^aSparks & Taylors nursing diagnosis reference manual / Sheila Sparks Ralph, Cynthia M. Taylor
|
| 250 ^a2nd ed.
|
| 260 ^aPhiladelphia:^bWolters Kluwer/Lippincott Williams&Wilkins,^c2014
|
| 500 ^aPhiladelphia : Wolters Kluwer Health/Lippincott Williams & Wilkins, c2014/2nd ed
|
| 650 ^a1.Nursing diagnosis--Handbooks,manuals,etc 2.Nursing diagnosis--methods--Handbooks 3.Patient care planning--Handbooks
|
| 999 ^aKey new Using ULIBM easy add form
|